Spôsob zdanenia organizačnej zložky

Uložené v:
Podrobná bibliografia
Hlavný autor: Nižníková, Zuzana, 1986-
Médium: Kapitola
Jazyk:Slovak
Tagy: Pridať tag
Žiadne tagy, Buďte prvý, kto otaguje tento záznam!

MARC

LEADER 00000nla a2200000 4500
001 0224920
005 20240502073702.4
041 0 |a slo 
044 |a SK 
245 1 0 |a Spôsob zdanenia organizačnej zložky  |c Zuzana Nižníková 
500 |a Abstrakt 
100 1 |a Nižníková, Zuzana, 1986-